000 00362nam a2200157Ia 4500
008 230605s1998 xx 000 0 und d
041 _aeng
100 _aFrance
245 _aDine with Europes Hot Desserts
260 _bKonemann Pub Bonner
_c1998
_c1998
300 _a240
365 _b1495
500 _a70
520 _aReference Copy
650 _aF. P.
999 _c417961
_d417961